000 00331cam a22001217a 4500
008 180718b1985 xxu||||| |||| 00| 0 eng d
082 _aT000x54 T348
100 _aThimmaiah, G.
245 _aIndia's development experience
_cby G. Thimmaiah
260 _aDelhi
_bAshish
_c1985
300 _a78p.
650 _aEconomic planning - India
999 _c355527
_d355527